| 000 | 00781nam a2200205Ia 4500 | ||
|---|---|---|---|
| 003 | GCL | ||
| 008 | 140319s9999 xx 000 0 ara d | ||
| 040 |
_aGCL / _cGCL |
||
| 082 | 0 | 4 |
_a025.58 _bف ا |
| 100 | 1 | _aفورد، جيفرى | |
| 245 | 1 | 0 |
_aاستخدام المكتبات : _bعرض للاساليب المتبعة فى التعرف على حجم استخدام ارصدة المكتبات / _cفورد، جيفرى |
| 260 |
_aالرياض : _bمكتبة الملك فهد الوطنية ، _c1992 |
||
| 300 |
_a125 ص ؛ _c24 سم |
||
| 490 | _a | ||
| 650 | 0 | 4 | _aالخدمة المكتبية |
| 650 | 0 | 4 | _aالمكتبات - الاستعارة |
| 650 | 0 | 4 | _aالمكتبات - تنظيم وادارة |
| 650 | 0 | 4 | _aالمكتبات - مبانى |
| 942 |
_2ddc _cBK |
||
| 999 |
_c34620 _d34620 |
||